000 00780cab a2200217 4500
001 ABS37781
008 090401t1987 xxu||||| |||| 00| 0 eng d
035 _a(Sirsi) u6715
041 _aeng
100 _aBar-Hillel, Mira
245 _aDesign and build method on the increase: survey
260 _c1987
350 _a0
490 _aChartered Surveyor Weekly
_v19(12) 18 June 1987, 27(1)
520 _aReports on the results of a survey on design and build carried out by the Centre for Construction Industry Market Research which shows that this method is rapidly growing in popularity.
650 _aBUILT ENVIRONMENT-BUILDING CONTRACT FORMS
650 _aBUILDING INDUSTRY
690 _aBUILT ENVIRONMENT-BUILDING CONTRACT FORMS
942 _n0
948 _c04/03/1997
999 _c4001
_d4001